| 000 | 02868cam a22006374i 4500 | ||
|---|---|---|---|
| 003 | PE-LiUPU | ||
| 005 | 20250731170425.0 | ||
| 008 | 190110s2008 ag rb 000 0 spa d | ||
| 020 | _a9870007597 | ||
| 020 | _a9789870007593 | ||
| 035 | _a(Sirsi) a251332 | ||
| 040 |
_aPE-LiUPU _bspa _cPE-LiUPU _erda |
||
| 049 | _aPRUA | ||
| 082 | 0 | 4 |
_a150.195 _bR88 _220 |
| 100 | 1 |
_aRozenbaum de Schvartzman, Ana, _eautor. |
|
| 245 | 1 | 0 |
_a"Había una vez..." : _bhistoria y prehistoria en la clínica con niños y adolescentes / _cAna Rozenbaum de Schvartzman. |
| 246 | 3 | _aHistoria y prehistoria en la clínica con niños y adolescentes | |
| 264 | 1 |
_aBuenos Aires : _bLumen, _c2008. |
|
| 300 |
_a247 páginas ; _c22 centímetros. |
||
| 336 |
_atext _2rdacontent |
||
| 337 |
_aunmediated _2rdamedia |
||
| 338 |
_avolume _2rdacarrier |
||
| 490 | 0 | _aTercer milenio | |
| 504 | _aBibliografía: páginas 237-247. | ||
| 505 | 0 | _aPrimera parte: teoría y técnicas -- Las fantasías y los recuerdos en el proceso de la cura -- Acerca del trauma en la historia del sujeto -- Más allá de la historia: el trauma de la prehistoria -- Segunda parte: Historiales clínicos -- Traumas tempranos. Su historización en el análisis de una niña -- Trauma y repetición. Repetir a través de las generaciones -- Padecer por otros. Conceptualizaciones a partir de la consulta por un niño -- Trauma, culpa y transmisión generacional -- Trauma en el analista. "El silencio es salud." Consideraciones a partir de la consulta por una niña -- Tercera parte: Historias psicoanalíticas -- María Langer: la psicoanalista maldita -- "Había una vez..." el psicoanálisis de niños y adolescentes: su historia y desarrollo en APA -- Bibliografía. | |
| 526 | _aSEG68 | ||
| 526 | _aSEG70 | ||
| 526 | _aSEG69 | ||
| 526 | _aSEG67 | ||
| 526 | _aSEG43 | ||
| 526 | _aP144 | ||
| 526 | _aP143 | ||
| 526 | _aP131 | ||
| 526 | _aP122 | ||
| 526 | _aP120 | ||
| 526 | _aP117 | ||
| 526 | _aP112 | ||
| 526 | _aP110 | ||
| 526 | _aP106 | ||
| 526 | _aP101 | ||
| 526 | _aP80 | ||
| 526 | _aP59 | ||
| 526 | _aP54 | ||
| 526 | _aP35 | ||
| 526 | _aP33 | ||
| 526 | _aP30 | ||
| 541 | _gF002-00000795; | ||
| 650 | 1 | 2 | _aEntrevista, psicológica. |
| 650 | 2 | 2 |
_aTrastornos mentales _xDianósticos xx. |
| 910 |
_adbm _bsag _csag _d20190110 |
||
| 942 |
_2ddc _cBOOK |
||
| 994 |
_aC0 _bPEPRU |
||
| 596 | _a1 | ||
| 999 |
_a150.195 R88 _wDEWEY _c30751 _i79458 _f2021-11-3 _g3 _lCCODEBUL1 _mBUL _p22.72 _r0 _sY _tBOOK _u2019-1-9 _xSALUD _zP33 _0COMPRA _1FCOMPR2 _o.STAFF. Colección Ciencias de la Salud _d30751 |
||
| 999 |
_a150.195 R88 _wDEWEY _c2 _i79459 _f2021-11-3 _g3 _lCCODEBUL1 _mBUL _p22.72 _r0 _sY _tBOOK _u2019-1-10 _xSALUD _zP33 _0COMPRA _1FCOMPR2 _o.STAFF. Colección Ciencias de la Salud |
||
| 980 |
_81 _gALBERTO SANCHEZ Responsable de Automatización |
||